000 00663nam a2200193Ii 4500
003 JO-AjNU
008 230605s9999||||xx |||||||||||||| ||und||
040 _aJO-AjNU
_bara
_erda
_cJO-AjNU
041 _aara
050 1 4 _aPJ7572.A4264 1965
100 3 _aالعماري،علي,
_eauthor
_918968
245 0 0 _aالصراع الأدبي بين القديم والجديد
264 3 1 _aالقاهرة:دار الكتب الحديثة،1965
300 _a319ص
336 _atext
_btxt
_2rdacontent
337 _aunmediated
_bn
_2rdamedia
338 _avolume
_bnc
_2rdacarrier
650 4 _a الأدب العربي-تاريخ ونقد-القن العشرين
_918969
999 _aA6165
_c9733
_d9733